EPIC: The Musical - Would You Fall In Love With Me Again - Statistics

General Stats
  • This quiz has been taken 306 times
  • The average score is 325 of 363
Answer Stats
Hint Answer % Correct
I
99%
a
98%
A
98%
Penelope: Is
98%
is
98%
it
98%
my
98%
My
98%
Odysseus: Penelope
98%
you?
98%
you
98%
You
98%
you,
98%
love?
97%
love
97%
the
96%
The
96%
again
95%
and
95%
And
95%
been
95%
been,
95%
been?
95%
do?
95%
do
95%
Do
95%
fall
95%
If
95%
in
95%
knew
95%
me
95%
me?
95%
No
95%
on
95%
really
95%
with
95%
Would
95%
would
95%
Your
95%
your
95%
Am
94%
am
94%
Have
94%
have
94%
man
94%
not
94%
to
94%
husband
93%
I've
93%
that
93%
of
92%
Or
92%
or
92%
all
91%
done?
91%
| Odysseus: How
91%
how,
91%
how
91%
kind
91%
things
91%
waiting,
91%
waiting
91%
Penelope: Waiting,
91%
we
91%
Penelope: What
91%
what
91%
could
90%
Could
90%
fell
90%
bed?
89%
bed
89%
over?
89%
over
89%
answered?
88%
As
88%
did
88%
favor?
88%
for
88%
For
88%
gentle
88%
prayers
88%
So
88%
wedding
88%
from
87%
know
87%
once
87%
same?
87%
same
87%
where
87%
where,
87%
can
86%
here
86%
Odysseus: Left
86%
look
86%
blood
85%
every
85%
island
85%
See
85%
tired
85%
before
84%
bring
84%
dreaming
84%
eyes
84%
Just
84%
tell
84%
trail
84%
Tree
84%
you've
84%
its
83%
it's
83%
standing
83%
there?
83%
this?
83%
away
82%
different
82%
friends
82%
moment
82%
more?
82%
more
82%
red
82%
say
82%
use
82%
far
81%
first
81%
adored
80%
back
80%
can't
80%
carry
80%
labor
80%
met
80%
smile
80%
some
80%
true,
80%
peace
79%
shoulders
79%
sweat
79%
that's
79%
will
79%
high
78%
long
78%
only
78%
Penelope: Only
78%
was
78%
built
77%
had
77%
hands
77%
like
77%
Olive
77%
torn
77%
traded
77%
undo
77%
frame
76%
way
76%
when
76%
don't
75%
Don't
75%
has
75%
lighter
75%
objects
75%
symbol
75%
take
75%
But
74%
Carved
74%
change
74%
count
74%
cannot
73%
care
73%
guess
73%
Lift
73%
makes
73%
our
73%
roots
73%
asked
72%
him
72%
matter
72%
you're
72%
You're
72%
Odysseus: Twenty
71%
years
71%
cut
70%
everlasting
70%
kinds
70%
mine
70%
than
70%
lives
69%
move
69%
always
68%
person
68%
realize
66%
Hurt
65%
into
63%
oh
53%
No matching quizzes found
Score Distribution
Percent of People with Each Score
Percentile by Number Answered
Your Score History
You have not taken this quiz